00201nam a22000977a 4500008004100000082001300041100000800054245002300062260000900085300000900094230620b xxu||||| |||| 00| 0 eng d a327bDIP cDIP aDiplomatic History c2006 a167p